00288nam a2200121Ia 4500008004100000082001800041100001700059245003300076250000800109260002400117300000800141650001700149191201s2011 xx 000 0 und d a621.3827bKEO aKEISER, Gerd 0aOptical Fiber Communications aRep aN. DelhibTMHc2011 a578 aM.Tech (ECE)